| 000 | 00529nam a22001937a 4500 | ||
|---|---|---|---|
| 999 |
_c7695 _d7695 |
||
| 003 | OSt | ||
| 005 | 20220215155052.0 | ||
| 008 | 220215b ||||| |||| 00| 0 eng d | ||
| 020 | _a1859714943 | ||
| 040 | _cDDC | ||
| 082 | _a658.4032 FAH 2001 | ||
| 100 |
_aFahy, Martin _97733 |
||
| 245 |
_aStrategic Enterprise Management Systems: _bTools for the 21st century. |
||
| 260 |
_aLondon: _bCIMA; _c2001, |
||
| 300 |
_axiv,201p: _bill; _c24cm |
||
| 504 | _aIncludes Index. | ||
| 650 |
_aSystem Management. _915723 |
||
| 942 |
_2ddc _cBOOK |
||